00343nam a2200145Ia 4500008004000000041000800040082001200048100002200060245003000082260004300112650001500155650001000170650000900180650000800189210210b1932 xxu||||| |||| 00| 0 eng d aeng a330/249 aLARRANAGA (P J M) aGold, glut and government aLondonbGeorge Allen & Unwin Ltdc1932 agovernment aGold, aglut aand